000 00717nmm a2200253 a 4500
003 AR-BaBNM
005 20251128210937.0
008 211020s[ca. ||||||||||||||000 | spa||
040 _cAR-BaBNM
100 1 _aMelfo, Hugo Daniel
245 1 0 _aMarginalidad
_bun enfoque educativo
260 _aCaracas
_bCentro Regional de Educación de Adultos
_c[ca. 1979]
300 0 _a73 p.
500 0 _aContiene referencias bibliográficas
650 4 _aEDUCACION DE ADULTOS
650 4 _aESTUDIOS DE CASOS
650 4 _aRESULTADOS DE INVESTIGACION
650 4 _aMARGINALIDAD SOCIAL
651 4 _aVenezuela
653 0 _aINFORMACION EDUCATIVA
653 0 _aMARGINACION EDUCATIVA
942 _cBK
998 _cRAQUEL
999 _c17568
_d17568